أبراهام لنكولن و الثورة الأمريكية الثانية / (رقم التسجيلة. 70101)
[ عرض عادي ]
| 000 -LEADER | |
|---|---|
| fixed length control field | 00679nam a22001937a 4500 |
| 005 - DATE AND TIME OF LATEST TRANSACTION | |
| control field | 20251108172102.0 |
| 008 - FIXED-LENGTH DATA ELEMENTS--GENERAL INFORMATION | |
| fixed length control field | 250721s2001 xx 000 0 ara d |
| 082 14 - DEWEY DECIMAL CLASSIFICATION NUMBER | |
| Classification number | 973.7/ماك |
| 100 1# - MAIN ENTRY--PERSONAL NAME | |
| Personal name | ماكفيرسون، جيمس م |
| Relator term | مؤلف |
| 245 10 - TITLE STATEMENT | |
| Title | أبراهام لنكولن و الثورة الأمريكية الثانية / |
| 264 1# - PRODUCTION, PUBLICATION, DISTRIBUTION, MANUFACTURE, AND COPYRIGHT NOTICE | |
| Place of production, publication, distribution, manufacture | القاهرة : |
| Name of producer, publisher, distributor, manufacturer | دار دوليه للإسثمارات، |
| Date of production, publication, distribution, manufacture, or copyright notice | 2001. |
| 300 ## - PHYSICAL DESCRIPTION | |
| Extent | 195ص. |
| 650 17 - SUBJECT ADDED ENTRY--TOPICAL TERM | |
| Topical term or geographic name as entry element | تاريخ الولايات المتحدة |
| 650 17 - SUBJECT ADDED ENTRY--TOPICAL TERM | |
| Topical term or geographic name as entry element | الثورة الأمريكية |
| 700 1# - ADDED ENTRY--PERSONAL NAME | |
| Personal name | حكيم، فايزة |
| Relator term | مترجم |
| 700 1# - ADDED ENTRY--PERSONAL NAME | |
| Personal name | منيب، أحمد |
| Relator term | مترجم |
| 942 ## - ADDED ENTRY ELEMENTS (KOHA) | |
| Source of classification or shelving scheme | Dewey Decimal Classification |
| Koha item type | كتب |
| حالة السحب | حالة الفقدان | مصدر التصنيف | حالة التلف | غير قابل للإعارة | المكتبة الرئيسية | المكتبة الحالية | موقع الرف | تاريخ التزويد | الرقم المتسلسل | Total Checkouts | رقم الإستدعاء | الباركود | تاريخ آخر ظهور | تاريخ الفاتورة | نوع المادة (كوها) |
|---|---|---|---|---|---|---|---|---|---|---|---|---|---|---|---|
| Dewey Decimal Classification | المكتبة المركزية | المكتبة المركزية | الإعارة | 06/07/2004 | 486933 | 973.7/ماك | 486933 | 28/07/2025 | 06/07/2004 | كتب | |||||
| Dewey Decimal Classification | مكتبة الأميرة ايمان العامة | مكتبة الأميرة ايمان العامة | الإعارة | 28/07/2025 | 486936 | 973.7/ماك | 486936 | 28/07/2025 | 28/07/2025 | كتب | |||||
| Dewey Decimal Classification | مكتبة الأميرة سلمى | مكتبة الأميرة سلمى | الإعارة | 09/07/2015 | 146520 | 973.7/ماك | PLD00336988 | 28/07/2025 | 09/07/2015 | كتب | |||||
| Dewey Decimal Classification | مكتبة الاميرة بديعة | مكتبة الاميرة بديعة | الإعارة | 24/10/2016 | 486939 | 973.7/ماك | PLD00396927 | 28/07/2025 | 24/10/2016 | كتب | |||||
| Dewey Decimal Classification | Unchecked | مكتبة صويلح العامة | مكتبة صويلح العامة | الإعارة | 06/07/2004 | 486937 | 973.7/ماك | 28/07/2025 | 06/07/2004 | كتب |